00783cam a22002411 4500001001300000003000400013005001700017008004100034010001700075035002000092040001800112042001200130050002100142111008600163245002900249260001000278300005200288500006600340500005100406500001400457650002100471710004900492sa 68018370 DLC20260227112711.0890510s1968 ii af 100 0 tamo  asa 68018370  a(OCoLC)19690955 aDLCcWaUdDLC apremarc00aPL4751b.A3 19682 aInternational Conference-Seminar of Tamil Studiesn(2nd :d1968 :cMadras, India)10aKaiyēṭu.bHand book. c1968. a316, 205, 92, 8 p.billus., col. plate.c21 cm. aOrganized by the International Association of Tamil Research. aPages 1-205 (2d group) contain advertisements. aIn Tamil. 0aTamil philology.2 aInternational Association of Tamil Research.